000 00610nam a2200241 a 4500
001 nice12345678
003 IN_TiNIC
005 20260116012332.0
008 050524s1981 alia grp 000 0 urd
020 _a
_c2.75
082 0 0 _a491.44
_bANS1
100 _aAnsarullah, Mohammad
245 _aUrdu Nahu
260 _aAligarh
_bAligarh Muslim University
_c1981
300 _a80p
500 _aincludes index and biblioraphy
505 2 _aFoot notes by Maulana Maulvi Ilahi Bakhsh.
650 _aUrdu-Grammar
700 1 _aAnsarullah, Mohammad
902 _bSRS
942 _cBK
999 _c6607
_d6607